| 000 | 01041nam a2200277Ia 4500 | ||
|---|---|---|---|
| 003 | OSt | ||
| 005 | 20220923211605.0 | ||
| 006 | a|||||r|||| 00| 0 | ||
| 007 | ta | ||
| 008 | 220922b |||||||| |||| 00| 0 hin d | ||
| 020 |
_a9789387674332 (hbk) _c1995 |
||
| 024 | _a354,573 | ||
| 037 |
_b1101, 27/12/2021, Rupa Prkashan _cTextual |
||
| 040 |
_aARTS _cARTS _bhin |
||
| 041 |
_2hin _ahin |
||
| 082 | _aT.2, R0 | ||
| 100 |
_aमकवाणा, बसंतीबहन सी., ले. _9160900 |
||
| 245 | 0 | _aसमकालीन भारत और शिक्षा | |
| 246 | _aSamakālīn bhārat aur shikṣhā | ||
| 260 |
_aजयपुर _b एस. एस. बुक डिस्ट्रीब्यूटर्स _c2020 |
||
| 300 |
_a290पृ. _ccm. |
||
| 650 |
_a भारत-इतिहास _9156353 |
||
| 650 |
_aशिक्षा _9156320 |
||
| 942 |
_hT.2, R0 _cTEXL _2CC |
||
| 999 |
_c301119 _d301119 |
||